| 000 | 00684nam a2200229 a 4500 | ||
|---|---|---|---|
| 005 | 20260322212050.0 | ||
| 008 | data | ||
| 010 | _a98-050580 | ||
| 020 | _a1569910960 (pbk.) | ||
| 020 | _a9781569910962 (pbk.) | ||
| 040 | _aBorders/Amazon | ||
| 090 | _aHV 8763 C54 1999 | ||
| 100 | 1 | _aChristian, Thomas F. | |
| 245 | 1 | 0 |
_aConflict management & conflict resolution in corrections/ _cThomas F. Christian. |
| 260 |
_aLanham, Md. _bAmerican Correctional Association _cc1999 |
||
| 300 |
_axiv, 80 p. ; _c 23 cm. |
||
| 500 | _aIncludes bibliographical references. | ||
| 650 | 4 | _aConflict management. | |
| 650 | 4 |
_aCorrectional personnel _xtrends |
|
| 650 | 4 | _aCorrections. | |
| 001 | data | ||
| 999 |
_c1175 _d1175 |
||